| 000 | 00559nam a2200133Ia 4500 | ||
|---|---|---|---|
| 008 | 220216s9999 xx 000 0 und d | ||
| 100 |
_aSuhendry I _cet al |
||
| 245 | 0 | _aProgress in selection and trial of superior rubber clones of IRR series | |
| 260 | _bClimate Change, Low Carbon Economy and Sustainable Natural Rubber Industry: Preprints of Proceedings of IRRDB International Rubber Conference 2010, 18-19 October 2010 Sanya, Hainan, China, pp. 335-354. | ||
| 650 | _aIRR series | ||
| 650 | _aSelection | ||
| 650 | _aSuperior rubber clones | ||
| 942 | _cJS | ||
| 999 |
_c65901 _d65901 |
||